000 00511nam a22001932 4500
001 0000017820
003 OSt
005 20140825164753.0
008 091125s1964 xx 000 0 eng d
040 _aPUL
_cPUL
050 _aBX8333.C522
_bH5 1964.
100 1 _aChappell, Wallace D.
245 1 0 _aHis continued witness.
_cWallace D.Chappell
260 _aNew York :
_bAbingdon Press,
_c1964.
300 _a140 p. ;
_c20 cm.
650 0 _aMethodist Church
_xSermons.
908 _a091125
942 _2lcc
_cBK
999 _c17102
_d17102